Yargıtay kararları ışığında hakaret suçları / (Record no. 200429852)

MARC details
000 -LEADER
fixed length control field 01350cam a2200397 i 4500
001 - CONTROL NUMBER
control field 200429852
003 - CONTROL NUMBER IDENTIFIER
control field TR-AnTOB
005 - DATE AND TIME OF LATEST TRANSACTION
control field 20241024164506.0
007 - PHYSICAL DESCRIPTION FIXED FIELD--GENERAL INFORMATION
fixed length control field ta
008 - FIXED-LENGTH DATA ELEMENTS--GENERAL INFORMATION
fixed length control field 150610s2015 tu tur d
020 ## - INTERNATIONAL STANDARD BOOK NUMBER
International Standard Book Number 9786059050432
040 ## - CATALOGING SOURCE
Original cataloging agency TR-AnTOB
Language of cataloging eng
Description conventions rda
Transcribing agency TR-AnTOB
Modifying agency TR-AnTOB
041 0# - LANGUAGE CODE
Language code of text/sound track or separate title Türkçe
050 00 - LIBRARY OF CONGRESS CALL NUMBER
Classification number KKX4145
Item number .Y87 2018
090 ## - LOCALLY ASSIGNED LC-TYPE CALL NUMBER (OCLC); LOCAL CALL NUMBER (RLIN)
Classification number (OCLC) (R) ; Classification number, CALL (RLIN) (NR) KKX4145
Local cutter number (OCLC) ; Book number/undivided call number, CALL (RLIN) .Y87 2018
100 1# - MAIN ENTRY--PERSONAL NAME
Personal name Yurtcan, Erdener,
Dates associated with a name 1942-
Relator term author
9 (RLIN) 115584
245 10 - TITLE STATEMENT
Title Yargıtay kararları ışığında hakaret suçları /
Statement of responsibility, etc. Erdener Yurtcan.
246 30 - VARYING FORM OF TITLE
Title proper/short title Hakaret suçları
250 ## - EDITION STATEMENT
Edition statement 3. Bası
264 #1 - PRODUCTION, PUBLICATION, DISTRIBUTION, MANUFACTURE, AND COPYRIGHT NOTICE
Place of production, publication, distribution, manufacture Ankara :
Name of producer, publisher, distributor, manufacturer Türkiye Barolar Birliği,
Date of production, publication, distribution, manufacture, or copyright notice 2018.
300 ## - PHYSICAL DESCRIPTION
Extent 451 pages ;
Dimensions 24 cm.
336 ## - CONTENT TYPE
Content type term text
Source rdacontent
Content type code txt
337 ## - MEDIA TYPE
Media type term unmediated
Source rdamedia
Media type code n
338 ## - CARRIER TYPE
Carrier type term volume
Source rdacarrrier
Carrier type code nc
490 0# - SERIES STATEMENT
Series statement Türkiye Barolar Birliği Yayınları ;
Volume/sequential designation 286
500 ## - GENERAL NOTE
General note Mart 2018 itibariyle güncellenmiş.
650 #0 - SUBJECT ADDED ENTRY--TOPICAL TERM
9 (RLIN) 120315
Topical term or geographic name entry element Libel and slander
9 (RLIN) 120314
Topical term or geographic name entry element Hakaret ve iftira
Source of heading or term etuturkob
Topical term or geographic name entry element Criminal law
Geographic subdivision Turkey
9 (RLIN) 39535
Topical term or geographic name entry element Torts
General subdivision Turkey
9 (RLIN) 56195
Geographic subdivision Turkey
Topical term or geographic name entry element Haksız fiil
Geographic subdivision Türkiye
Source of heading or term etuturkob
9 (RLIN) 56193
Topical term or geographic name entry element Ceza hukuku
Geographic subdivision Türkiye
Source of heading or term etuturkob
9 (RLIN) 48989
856 ## - ELECTRONIC LOCATION AND ACCESS
Uniform Resource Identifier <a href="http://tbbyayinlari.barobirlik.org.tr/TBBBooks/516.pdf">http://tbbyayinlari.barobirlik.org.tr/TBBBooks/516.pdf</a>
942 ## - ADDED ENTRY ELEMENTS (KOHA)
Source of classification or shelving scheme Library of Congress Classification
Koha item type Book
Holdings
Withdrawn status Lost status Source of classification or shelving scheme Damaged status Not for loan Collection code Home library Current library Shelving location Date acquired Source of acquisition Inventory number Total Checkouts Full call number Barcode Date last seen Copy number Date shelved Koha item type Public note
    Library of Congress Classification Yeni / New Ödünç Verilebilir / Available Genel Koleksiyon Merkez Kütüphane Merkez Kütüphane Genel Koleksiyon / Main Collection 07/06/2018 Bağış / Donation HUK   KKX4145 .Y87 2018 0056874 11/06/2018 1 13/06/2018 Book Donated by Türkiye Barolar Birliği
Devinim Yazılım Eğitim Danışmanlık tarafından Koha'nın orjinal sürümü uyarlanarak geliştirilip kurulmuştur.